| 000 | 01428nam a2200337 a 4500 | ||
|---|---|---|---|
| 001 | ebr10469656 | ||
| 003 | CaPaEBR | ||
| 006 | m u | ||
| 007 | cr cn||||||||| | ||
| 008 | 110609s2011 inua s 001 0 eng d | ||
| 010 | _z 2010932458 | ||
| 020 | _z9780470584644 | ||
| 020 | _z9781118017593 (e-book) | ||
| 040 |
_aCaPaEBR _cCaPaEBR |
||
| 035 | _a(OCoLC)694938010 | ||
| 050 | 1 | 4 |
_aTK5105.875.I6 _bD75 2011eb |
| 100 | 1 | _aDrisgill, Randy. | |
| 245 | 1 | 0 |
_aProfessional SharePoint 2010 branding and user interface design _h[electronic resource] / _cRandy Drisgill ... [et al.]. |
| 260 |
_aIndianapolis, Ind. : _bWiley Pub., _c2011. |
||
| 300 |
_axxix, 425 p. : _bill. (chiefly col.). |
||
| 490 | 0 | _aWrox programmer to programmer | |
| 500 | _aIncludes index. | ||
| 505 | 0 | _apt. 1. Introduction to SharePoint branding -- pt. 2. Branding basics -- pt. 3. Advanced branding -- pt. 4. Other branding concepts. | |
| 533 |
_aElectronic reproduction. _bPalo Alto, Calif. : _cebrary, _d2013. _nAvailable via World Wide Web. _nAccess may be limited to ebrary affiliated libraries. |
||
| 630 | 0 | 0 | _aMicrosoft SharePoint (Electronic resource) |
| 650 | 0 | _aIntranets (Computer networks) | |
| 650 | 0 | _aWeb servers. | |
| 655 | 7 |
_aElectronic books. _2local |
|
| 710 | 2 | _aebrary, Inc. | |
| 856 | 4 | 0 |
_uhttp://site.ebrary.com/lib/rucke/Doc?id=10469656 _zAn electronic book accessible through the World Wide Web; click to view |
| 999 |
_c114832 _d114832 |
||